000 004540000a22001810004500
003 MACL
005 20151021121457.0
008 151021b xxu||||| |||| 00| 0 eng d
040 _aMACL
_cMACL
041 _aEnglish
082 _a954/AHL
100 _aAhluwalia, Shashi
_916164
245 _aMuslims And India's Freedom Movement
260 _bHeritage Publishers
_c1985
_aNew Delhi
350 _a150
650 _aHistory
_916165
942 _cBK
_k954
_2ddc
999 _c5394
_d5394